000 00933nam a2200289 a 4500
001 59629
003 BD-RjUL
005 20211209080743.0
008 161226s1982 ctu b 001 0 eng
020 _a0313228620 (lib. bdg.)
035 _a(BD-RjUL) 59753
040 _aDLC
_cDLC
_dDLC
_dBD-RjUL
_beng
041 _aeng
082 0 0 _a355.4300973
_223
_bGRS 1982
100 1 _aGray, Colin S.
_9177432
245 1 0 _aStrategic studies :
_ba critical assessment /
_cColin S. Gray.
260 _aWestport, Connecticut :
_bGreenwood Press,
_c1982.
300 _aviii, 213 p. ;
_c22 cm.
500 _aIncludes index.
504 _aBibliography: p. [193]-208.
650 0 _aStrategy.
_9176312
650 0 _aNational security.
_9177434
651 0 _aUnited States
_xMilitary policy.
_9176084
856 _3Contributions in political science,
_uno. 70
942 _2ddc
_cBK
999 _c59629
_d59629